Dumb And Dumberer : (Record no. 16003)
[ view plain ]
| 000 -LEADER | |
|---|---|
| fixed length control field | 01862nam a22003857a 4500 |
| 003 - CONTROL NUMBER IDENTIFIER | |
| control field | dpl |
| 005 - DATE AND TIME OF LATEST TRANSACTION | |
| control field | 20080911114410.0 |
| 008 - FIXED-LENGTH DATA ELEMENTS--GENERAL INFORMATION | |
| fixed length control field | 080911t xxu||||| |||| 00| 0 eng d |
| 010 ## - LIBRARY OF CONGRESS CONTROL NUMBER | |
| LC control number | DVD-000758-760 |
| 024 ## - OTHER STANDARD IDENTIFIER | |
| Source of number or code | EDVDD-2234 |
| Terms of availability | 299.00 |
| 035 ## - SYSTEM CONTROL NUMBER | |
| System control number | DVD-000758-760 |
| 040 ## - CATALOGING SOURCE | |
| Original cataloging agency | DPL |
| Transcribing agency | DPL |
| 082 ## - DEWEY DECIMAL CLASSIFICATION NUMBER | |
| Classification number | DVD / DUMB |
| 245 ## - TITLE STATEMENT | |
| Title | Dumb And Dumberer : |
| Statement of responsibility, etc | New Line Cinema Presents |
| Medium | [videorecording] (DVD) / |
| Remainder of title | When Harry Met Lloyd |
| 260 ## - PUBLICATION, DISTRIBUTION, ETC. (IMPRINT) | |
| Name of publisher, distributor, etc | New Line Cinema Presents/ Home Entertainment Presents |
| Place of publication, distribution, etc | Delhi |
| 300 ## - PHYSICAL DESCRIPTION | |
| Extent | 1 videodiscs (86 min.): |
| Other physical details | sd., col.; |
| Dimensions | 4 3/4 in. |
| Type of unit | DVD |
| 440 ## - SERIES STATEMENT/ADDED ENTRY--TITLE | |
| Title | Eagle Home Entertainment Presents |
| 500 ## - GENERAL NOTE | |
| General note | DVD is copy protectaed |
| 500 ## - GENERAL NOTE | |
| General note | Dumb at First Sight |
| 500 ## - GENERAL NOTE | |
| General note | "A Slap-Happy Time" |
| 538 ## - SYSTEM DETAILS NOTE | |
| System details note | Dolby Digital 5.1-English Subtitles- English, Hindi |
| 538 ## - SYSTEM DETAILS NOTE | |
| System details note | Aspect Ratio:2.35.1, Presentation Type: Wide Screen, Presentation Size 16x9, Formation: DVD 9- Dual Layer Single sided Disc, |
| 650 ## - SUBJECT ADDED ENTRY--TOPICAL TERM | |
| Source of heading or term | Motion Picture |
| 700 ## - ADDED ENTRY--PERSONAL NAME | |
| Personal name | Miller, Troy |
| 700 ## - ADDED ENTRY--PERSONAL NAME | |
| Personal name | Richardson, Derick |
| 700 ## - ADDED ENTRY--PERSONAL NAME | |
| Personal name | Oteri, Cheri |
| 700 ## - ADDED ENTRY--PERSONAL NAME | |
| Personal name | Guzman, Eleden |
| 700 ## - ADDED ENTRY--PERSONAL NAME | |
| Personal name | Lee Sccott, William |
| 700 ## - ADDED ENTRY--PERSONAL NAME | |
| Personal name | Rogers, Mimi |
| 942 ## - ADDED ENTRY ELEMENTS (KOHA) | |
| Source of classification or shelving scheme | Dewey Decimal Classification |
| Koha item type | CD-ROMs, DVDs, VHS |
| Classification part | DVD |
| Call number suffix | DUMB |
| Withdrawn status | Lost status | Source of classification or shelving scheme | Damaged status | Not for loan | Home library | Current library | Date acquired | Source of acquisition | Cost, normal purchase price | Total Checkouts | Full call number | Barcode | Date last seen | Date checked out | Copy number | Cost, replacement price | Price effective from | Koha item type | Total Renewals |
|---|---|---|---|---|---|---|---|---|---|---|---|---|---|---|---|---|---|---|---|
| Dewey Decimal Classification | Central Library | Central Library | 29/09/2008 | Purchase | 299.00 | 31 | DVD DUMB | DVD-000758 | 08/06/2017 | 06/06/2017 | 1 | 299.00 | 29/09/2008 | CD-ROMs, DVDs, VHS | |||||
| Dewey Decimal Classification | Patel Nagar | Patel Nagar | 29/09/2008 | Purchase | 299.00 | 24 | DVD DUMB | DVD-000760 | 10/07/2012 | 13/06/2012 | 1 | 299.00 | 29/09/2008 | CD-ROMs, DVDs, VHS | |||||
| Dewey Decimal Classification | Sarojini Nagar | Sarojini Nagar | 29/09/2008 | Purchase | 299.00 | 20 | DVD DUMB | DVD-000759 | 19/05/2012 | 15/05/2012 | 1 | 299.00 | 29/09/2008 | CD-ROMs, DVDs, VHS | 1 |
